| 000 | 00575nam a2200169Ia 4500 | ||
|---|---|---|---|
| 008 | 090711s9999 xx 000 0 und d | ||
| 082 | _b753 | ||
| 100 | _aगवांदे राजाभाऊ | ||
| 245 | _aआठवणींSाा मोहर | ||
| 260 |
_bमेहता पब्लि. हाऊस _c2000 |
||
| 300 | _a290 | ||
| 600 | _aगवांदे राजाभाऊ | ||
| 630 | _aआठवणींSाा मोहर | ||
| 700 | _aगवांदे राजाभाऊ | ||
| 730 | _aआठवणींSाा मोहर | ||
| 942 | _cBOOK | ||
| 999 |
_c337747 _d337747 |
||